000
00255nam a2200121Ia 4500
003
LDD
040
_c
LDD
041
_a
en
245
0
_a
Journal of Peace Research to be entered
260
_c
1 Jul-31 Dec,2006
362
_a
43-43
_b
04-Jun
942
_2
ddc
_c
J
999
_c
179690
_d
179690